| 000 | 00929nam a22002537a 4500 | ||
|---|---|---|---|
| 005 | 20170124102946.0 | ||
| 010 | _a177375 | ||
| 020 | _c4.00 | ||
| 035 | _a177375 | ||
| 037 | _bCen Lib/Ret | ||
| 040 |
_aDPL _bHN |
||
| 082 |
_a821 _bहरिवं |
||
| 100 |
_aहरिवाश्राये बच्चन _99382 |
||
| 245 |
_aत्रिमंगिमा / _cहरिवाश्राये बच्चन |
||
| 246 |
_aTrimangima / _bby Harivanshraye Bachchan |
||
| 260 |
_a दिल्ली _bराजपाल एंड संस _c1961 |
||
| 270 | _b दिल्ली | ||
| 300 |
_a241पृ. _c17सेमी(सजिल्द ) |
||
| 650 |
_aहिंदी साहित्य _x _z _950111 |
||
| 650 |
_aहिंदी काव्य _950112 |
||
| 650 |
_aHindi literature _950113 |
||
| 650 |
_aHindi poetry _950114 |
||
| 942 |
_2ddc _cHN _h821 _mहरिवं |
||
| 999 |
_c112994 _d112994 |
||